Inside the oval office : (Record no. 15650)
[ view plain ]
| 000 -LEADER | |
|---|---|
| fixed length control field | 01740nam a2200193 a 4500 |
| 001 - CONTROL NUMBER | |
| control field | ASIN1568363168 |
| 005 - DATE AND TIME OF LATEST TRANSACTION | |
| control field | 20170105102922.0 |
| 008 - FIXED-LENGTH DATA ELEMENTS--GENERAL INFORMATION | |
| fixed length control field | 131209s2002 xxu eng d |
| 020 ## - INTERNATIONAL STANDARD BOOK NUMBER | |
| International Standard Book Number | 1568363168 (paperback) |
| Terms of availability | $17.00 |
| 020 ## - INTERNATIONAL STANDARD BOOK NUMBER | |
| International Standard Book Number | 9781568363165 (paperback) |
| 040 ## - CATALOGING SOURCE | |
| Original cataloging agency | 0 |
| 100 1# - MAIN ENTRY--PERSONAL NAME | |
| Personal name | Doyle, William. |
| 245 10 - TITLE STATEMENT | |
| Title | Inside the oval office : |
| Remainder of title | the white house tapes from fdr to clinton / |
| Statement of responsibility, etc. | William Doyle. |
| 260 ## - PUBLICATION, DISTRIBUTION, ETC. | |
| Place of publication, distribution, etc. | [S.l.] : |
| Name of publisher, distributor, etc. | Kodansha USA, |
| Date of publication, distribution, etc. | 2002. |
| 300 ## - PHYSICAL DESCRIPTION | |
| Extent | 365 p. ; |
| Dimensions | 23 cm. |
| 520 ## - SUMMARY, ETC. | |
| Summary, etc. | During the four years of research in the national archives and presidential libraries, William Doyle unearthed scores of White House tape recordings, videotapes and transcripts, many never before published. He interviewed 100 Oval Office insiders, Cabinet members, White House aides and advisers from FDR's personal secretary to Henry Kissinger. The result is a flesh-and-blood drama of the presidency in action. Presidential episodes include: Franklin D. Roosevelt - plans to detonate a sex scandal to ruin his republican opponent; Harry S. Truman - at the controls of the world's first nuclear superpower; Dwight Eisenhower - struggles with a problem he fears will wreck the USA; John F. Kennedy - on his invasion of Mississippi to crush rebellion and a massacre; Lyndon B. Johnson - when he realises he must disengage from Vietnam; Richard Nixon - crucified himself on his own tape machines; Jim Carter - as he runs a high-risk helicopter rescue of US hostages; Ronald Reagan - on conquering Grenada and plotting victory in the Cold War; Bill Clinton - tries to rescue his presidency, four years before his impeachment. |
| 856 40 - ELECTRONIC LOCATION AND ACCESS | |
| Materials specified | Amazon.com |
| Uniform Resource Identifier | <a href="http://www.amazon.com/exec/obidos/ASIN/1568363168/chopaconline-20">http://www.amazon.com/exec/obidos/ASIN/1568363168/chopaconline-20</a> |
| 942 ## - ADDED ENTRY ELEMENTS (KOHA) | |
| Source of classification or shelving scheme | |
| Koha item type | Book |
| Withdrawn status | Lost status | Damaged status | Not for loan | Collection code | Permanent Location | Current Location | Shelving location | Date acquired | Total Checkouts | Full call number | Barcode | Date last seen | Price effective from | Koha item type |
|---|---|---|---|---|---|---|---|---|---|---|---|---|---|---|
| Centre for International Peace & Stability (CIPS) | Centre for International Peace & Stability (CIPS) | General Stacks | 10/02/2013 | 973.910922 DOY 2002 | CIPS0002404 | 12/09/2013 | 12/09/2013 | Book |
